| 000 | 01046nam a22003617a 4500 | ||
|---|---|---|---|
| 001 | 0004415 | ||
| 003 | KOHA_MİRAKIL | ||
| 005 | 20260207001411.0 | ||
| 007 | ta | ||
| 008 | 100810b2000 tu |||gr||||#||||0|tur | | ||
| 020 | _a9757337595 | ||
| 040 |
_aTR-BiSEU _btur _cTR-BiSEU _erda |
||
| 041 | 0 | _atur | |
| 044 | _ctu | ||
| 050 |
_aHF5415 _b.M83 2000 |
||
| 100 | 1 | _aMucuk, İsmet. | |
| 245 | 1 |
_aPazarlama ilkeleri/ _cİsmet Mucuk ; İsmet Mucuk. |
|
| 264 | 1 |
_aİstanbul : _bTürkmen Kitabevi _c2000 |
|
| 300 | _axviii, 413 sayfa | ||
| 336 |
_ametin _btxt _2rdacontent |
||
| 337 |
_aaracısız _bn _2rdamedia |
||
| 338 |
_acilt _bnc _2rdacarrier |
||
| 490 | 1 |
_aTürkmen Kitabevi ; _vyayın no: 86. |
|
| 490 | 1 |
_aEğitim dizisi ; _v13. |
|
| 500 | _aKaynakça var. | ||
| 650 | 0 |
_aMarketing. _92838 |
|
| 650 | 0 |
_aPazarlama. _92020 |
|
| 650 | 0 |
_aMarketing--Turkey. _910832 |
|
| 650 | 0 |
_aPazarlama--Türkiye. _910833 |
|
| 830 | 1 |
_aTürkmen Kitabevi ; _vyayın no: 86. _92782 |
|
| 830 | 1 |
_aEğitim dizisi ; _v13. _94002 |
|
| 942 |
_2lcc _cBK |
||
| 999 |
_c4397 _d4397 |
||